Modern Fourier analysis /

Guardado en:
Autor Principal: Grafakos, Loukas.
Formato: Libro
Idioma:English
Publicado: New York : Springer, c2009.
Edición:2nd ed.
Series:Graduate texts in mathematics ; 250
Materias:
Etiquetas: Agregar Etiqueta
Sin Etiquetas, Sea el primero en etiquetar este registro!
LEADER 01210cam a22002775a 4500
001 MAT.inmabb006560
008 080930s2009####nyua#####b####001#0#eng##
005 20130404145033.0
245 1 0 |a Modern Fourier analysis /  |c Loukas Grafakos. 
250 |a 2nd ed. 
260 |a New York :  |b Springer,  |c c2009. 
300 |a xv, 504 p. :  |b il. ;  |c 24 cm. 
490 0 |a Graduate texts in mathematics ;  |v 250 
500 |a Edición revisada de: Classical and modern Fourier analysis. 2004. 
504 |a Incluye referencias bibliográficas (p. 487-499) e índice. 
505 0 |a 6. Smoothness and function spaces -- 7. BMO and Carleson measures -- 8. Singular integrals of nonconvolution type -- 9. Weighted inequalities -- 10. Boundedness and convergence of Fourier integrals -- 11. Time-frequency analysis and the Carleson-Hunt theorem. 
510 4 |a MR,  |c 2011d:42001 
020 |a 9780387094335 (acid-free paper) 
020 |a 9780387094342 (e-ISBN) 
100 1 |a Grafakos, Loukas. 
700 1 |a Grafakos, Loukas.  |t Classical and modern Fourier analysis. 
650 0 |a Fourier analysis. 
084 |a 42-01 (42Bxx)  |2 msc2000 
010 |a  2008938592 
040 |a DLC  |c DLC  |d DLC 
859 |h 42  |i G736m  |p A-8771  |b BIB. MATEMATICA